000 00299nam a22001337a 4500
020 _qPB.
040 _cFIZZA ISHAQ
082 _a624
_bMEM
100 _aMEMON.
_9110469
245 _aCIVIL ENGINEERING PRACTICAL /
_cMEMON.
260 _bPARAMOUNT ;
_c2015.
300 _a288 P. ;
942 _2ddc
_cBK
999 _c593793
_d593793